|
|
|
|
| LEADER |
00000nab a2200000 a 4500 |
| 001 |
vtls009512082 |
| 003 |
SK-MaSNL |
| 005 |
20260304151913.0 |
| 008 |
250506c2009 xo mr|p|||||||000 b|slo |
| 015 |
|
|
|a SNBRB2009/05
|2 snkbucl
|
| 035 |
|
|
|a (uuid)244bfff9-09e1-4167-b9bb-61a339cd6cf7
|
| 035 |
|
|
|a urn:nbn:sk:snk-ab14d4
|
| 035 |
|
|
|a (urnnbn)urn:nbn:sk:snk:ar-003k4c
|
| 038 |
|
|
|a SNKBUCL
|
| 040 |
|
|
|a SNKBUCL
|b slo
|c SNKBUCL
|e AACR2
|
| 041 |
0 |
|
|a slo
|
| 044 |
|
|
|a xo
|c SK
|
| 080 |
|
|
|a 347.447.5:61
|2 2001
|
| 080 |
|
|
|a 61:347.447.5
|2 2001
|
| 100 |
1 |
|
|a Zaujecová, Miroslava
|4 aut
|9 1473660
|
| 245 |
1 |
0 |
|a Všeobecne o občianskoprávnej zodpovednosti v zdravotníctve
|c Miroslava Zaujecová
|
| 504 |
|
|
|a Bibliogr. odkazy
|
| 650 |
0 |
7 |
|a občianskoprávna zodpovednosť
|2 snkbucl
|9 703458
|
| 650 |
0 |
7 |
|a zodpovednosť
|2 snkbucl
|9 305682
|
| 650 |
0 |
7 |
|a zdravotníctvo
|2 snkbucl
|9 1269
|
| 773 |
0 |
|
|t Justičná revue
|g Roč. 61, č. 2 (2009), s. 196-205
|x 1335-6461
|
| 850 |
|
|
|a Slovenská národná knižnica
|
| 852 |
|
|
|a Slovenská národná knižnica
|
| 954 |
|
|
|a odborná, vedecká literatúra pôvodná (slovenská)
|2 lita
|
| 958 |
|
|
|a article27
|
| 958 |
|
|
|a OND
|
| 958 |
|
|
|a SK
|
| 958 |
|
|
|a NB
|
| 958 |
|
|
|a EUIPO
|
| 999 |
|
|
|c 2946331
|d 2948261
|